BL Dramas by Main Couple - Statistics

General Stats
  • This quiz has been taken 142 times
  • The average score is 11 of 16
Answer Stats
Picture Answer % Correct
KinnPorsche
94%
2gether
86%
Bad Buddy
86%
Pit Babe
86%
Love In The Air
82%
Not Me
81%
4Minutes
74%
Cutie Pie
74%
Semantic Error
70%
Between Us
68%
Sotus
64%
Enchanté
63%
Century of Love
48%
The Sign
32%
Kiseki : Dear to me
26%
Plus & Minus
21%
No matching quizzes found
Score Distribution
Percent of People with Each Score
Percentile by Number Answered
Your Score History
You have not taken this quiz